|
|
|
|
| LEADER |
00946nam a2200265 a 4500 |
| 001 |
191 |
| 003 |
BD-DhAAL |
| 005 |
20150416093300.0 |
| 008 |
150416s1996 wiua b 001 0 eng |
| 010 |
|
|
|a 95083214
|
| 020 |
|
|
|a 1561344540
|
| 040 |
|
|
|a DLC
|c DLC
|d BD-DhAAL
|
| 050 |
0 |
0 |
|a HV9950
|b .R45 1996
|
| 082 |
0 |
0 |
|a 364.973
|2 20
|
| 100 |
1 |
|
|a Reid, Sue Titus.
|9 10431
|
| 245 |
1 |
0 |
|a Criminal justice /
|c Sue Titus Reid.
|
| 250 |
|
|
|a 4th ed.
|
| 260 |
|
|
|a Madison, WI :
|b Brown & Benchmark,
|c c1996.
|
| 300 |
|
|
|a 1 v. (various pagings) :
|b ill. (some col.) ;
|c 28 cm.
|
| 504 |
|
|
|a Includes bibliographical references and indexes.
|
| 541 |
|
|
|e 191
|
| 650 |
|
0 |
|a Criminal justice, Administration of
|z United States.
|9 10432
|
| 942 |
|
|
|2 ddc
|c BK
|
| 999 |
|
|
|c 34242
|d 34242
|
| 952 |
|
|
|0 0
|1 0
|2 ddc
|4 0
|6 364_973000000000000_CRI
|7 0
|9 53461
|a SCL
|b SCL
|c GEN
|d 2015-04-16
|e Gift: The Asia Foundation
|l 2
|m 9
|o 364.973 CRI
|p 3020000191
|r 2022-09-18
|s 2022-06-26
|t 1
|w 2015-04-16
|y BK
|